Most Guessed Canadian Cities - Statistics

General Stats
  • This quiz has been taken 9 times
  • The average score is 16 of 20
Answer Stats
% City % Correct
92 Calgary
100%
92 Edmonton
100%
81 Halifax
100%
95 Montreal
100%
92 Ottawa
100%
97 Toronto
100%
97 Vancouver
100%
86 Winnipeg
100%
90 Quebec City
89%
76 Saskatoon
89%
75 Regina
78%
65 Hamilton
67%
70 London
67%
75 Saint John
67%
75 St. John's
67%
78 Victoria
67%
59 Whitehorse
67%
61 Windsor
67%
62 Thunder Bay
56%
54 St. Catharines
44%
No matching quizzes found
Score Distribution
Percent of People with Each Score
Percentile by Number Answered
Your Score History
You have not taken this quiz